000 00606nam a2200229Ia 4500
003 OSt
005 20220928113626.0
006 a|||||r|||| 00| 0
007 ta
008 220927b |||||||| |||| 00| 0 eng d
024 _a56882
037 _cTextual
040 _aSDCL
_cSDCL
_beng
041 _2eng
_aeng
082 _aV46:3(Q7)'N9, N9
100 _aRoy Olivier
_9434131
245 0 _aFailure of political Islam
260 _aLondon
_bI B Tauris Publishers
_c1999
300 _avii,238p
_ccm.
942 _hV46:3(Q7)'N9, N9
_cTEXL
_2CC
999 _c750514
_d750514